Một cuốn sách về chủ nghĩa tối giản

Chia sẻ những kinh nghiệm của chính tác giả Chi Nguyễn về lối sống tối giản và đưa ra những khái niệm mở nhằm truyền cảm hứng giúp bạn quản lý cuộc sống tốt hơn

Gardado en:
Detalles Bibliográficos
Autor Principal: Chi, Nguyễn
Formato: Libro
Idioma:Undetermined
Publicado: H. Thế giới; Công ty Văn hóa và Truyền thông AZ Việt Nam 2017
Những chủ đề:
Acceso en liña:http://lrc.tdmu.edu.vn/opac/search/detail.asp?aID=2&ID=32976
Các nhãn: Engadir etiqueta
Sen Etiquetas, Sexa o primeiro en etiquetar este rexistro!
Thư viện lưu trữ: Trung tâm Học liệu Trường Đại học Thủ Dầu Một
LEADER 00954nam a2200205Ia 4500
001 TDMU_32976
008 210410s9999 xx 000 0 und d
082 |a 959.774 
090 |b CH300 
100 |a Chi, Nguyễn 
245 0 |a Một cuốn sách về chủ nghĩa tối giản 
245 0 |c Chi Nguyễn 
260 |a H. 
260 |b Thế giới; Công ty Văn hóa và Truyền thông AZ Việt Nam 
260 |c 2017 
300 |a 198tr 
520 |a Chia sẻ những kinh nghiệm của chính tác giả Chi Nguyễn về lối sống tối giản và đưa ra những khái niệm mở nhằm truyền cảm hứng giúp bạn quản lý cuộc sống tốt hơn  
650 |a Kỹ năng sống  |x Quản lí cuộc sống 
856 |u http://lrc.tdmu.edu.vn/opac/search/detail.asp?aID=2&ID=32976 
980 |a Trung tâm Học liệu Trường Đại học Thủ Dầu Một